| 000 | 00482nam a22001817a 4500 | ||
|---|---|---|---|
| 005 | 20240906155415.0 | ||
| 008 | 240906b |||||||| |||| 00| 0 eng d | ||
| 020 | _a9780072224559 | ||
| 082 |
_a005.7585 _bYEU-O |
||
| 100 | _aYeung, Alan | ||
| 245 |
_aOracle9i Mobile / _cPhilip Stephenson |
||
| 260 |
_aUSA: _bMcGraw-Hill; _c24 cm. |
||
| 300 |
_axiv, 601 p. : _bill; _c24 cm. |
||
| 500 | _ainclude index. | ||
| 650 | _aProgramming | ||
| 700 | _aPhilip Stephenson | ||
| 999 |
_c36549 _d36549 |
||